[Event "Acropolis 2006 Women Section"]
[Site "http://www.chessfed.gr/Acropo"]
[Date "2006.08.13"]
[Round "1.1"]
[White "Makka, Ioulia"]
[Black "Danielian, Elina"]
[Result "0-1"]
[WhiteElo "2219"]
[BlackElo "2423"]
[PlyCount "58"]
[EventDate "2006.08.13"]

1. e4 e6 2. Qe2 c5 3. Nf3 Nc6 4. c3 d5 5. d3 Nf6 6. g3 Be7 7. e5 Nd7 8. h4 b5
9. Bf4 a5 10. Bg2 Ba6 11. Nbd2 a4 12. b3 b4 13. c4 Nb6 14. Nf1 Bb7 15. Rd1 axb3
16. axb3 Ra3 17. N1d2 Qa8 18. O-O O-O 19. Qe1 dxc4 20. dxc4 Nd4 21. Qe3 Nxc4
22. Nxc4 Bxf3 23. Nxa3 Bxg2 24. Nc4 Nf3+ 25. Kxg2 Nxh4+ 26. Kh3 Qg2+ 27. Kg4
h5+ 28. Kxh5 Qh3 29. Rh1 g6+ 0-1

[Event "Acropolis 2006 Women Section"]
[Site "http://www.chessfed.gr/Acropo"]
[Date "2006.08.13"]
[Round "1.2"]
[White "Vijayalakshmi, Subbaraman"]
[Black "Papadopoulou, Vera"]
[Result "1-0"]
[WhiteElo "2417"]
[BlackElo "2217"]
[PlyCount "115"]
[EventDate "2006.08.13"]

1. d4 Nf6 2. c4 c5 3. d5 b5 4. cxb5 a6 5. bxa6 g6 6. Nc3 Bxa6 7. Nf3 Bg7 8. g3
d6 9. Bg2 Nbd7 10. O-O Nb6 11. Ne1 O-O 12. Nc2 Ng4 13. Rb1 Bc4 14. h3 Nf6 15.
b3 Nfd7 16. Bd2 Ba6 17. Ne3 Qc7 18. Qc2 Rab8 19. Rfc1 e6 20. a3 Nf6 21. b4
Nbxd5 22. Ncxd5 exd5 23. Nxd5 Nxd5 24. Bxd5 Qd7 25. Bf4 cxb4 26. axb4 Rbc8 27.
Qa2 Bb5 28. Kg2 Rfe8 29. Bf3 Be5 30. Be3 Kg7 31. Qd5 h5 32. h4 Rf8 33. Bd4 Rxc1
34. Rxc1 Re8 35. Bb6 Rf8 36. Rc7 Qe8 37. Be3 Bd7 38. Qd2 Kh7 39. Bd5 Qd8 40.
Ra7 Qe8 41. Bh6 Bg7 42. Bxg7 Kxg7 43. Qd4+ Kg8 44. Qf6 Be6 45. Bxe6 Qxe6 46.
Qxe6 fxe6 47. Rd7 Rb8 48. Rxd6 Kf7 49. Rd4 e5 50. Rc4 Ke6 51. e4 Kd6 52. Kf3
Rb7 53. Ke3 Rb8 54. Kd3 Rg8 55. b5 g5 56. Rc6+ Kd7 57. hxg5 Rxg5 58. Rh6 1-0

[Event "Acropolis 2006 Women Section"]
[Site "http://www.chessfed.gr/Acropo"]
[Date "2006.08.13"]
[Round "1.3"]
[White "Smokina, Karolina"]
[Black "Foisor, Cristina Adela"]
[Result "1/2-1/2"]
[WhiteElo "2215"]
[BlackElo "2393"]
[PlyCount "77"]
[EventDate "2006.08.13"]

1. c4 g6 2. Nc3 Bg7 3. g3 c5 4. Bg2 Nc6 5. d3 a6 6. e4 Rb8 7. Be3 d6 8. Qd2 b5
9. Rc1 bxc4 10. dxc4 Ne5 11. b3 Ng4 12. Nge2 Nxe3 13. Qxe3 h5 14. h4 Nf6 15.
Rd1 Ng4 16. Qd2 O-O 17. O-O Bb7 18. Nd5 a5 19. Nec3 Kh7 20. Nb5 a4 21. bxa4 Ra8
22. Qc2 Ne5 23. f4 Ng4 24. Rd3 Bxd5 25. exd5 f5 26. Bf3 Qa5 27. Bxg4 fxg4 28.
Ra3 Rf5 29. Kg2 Bf6 30. Rd1 Ra6 31. Rb1 Ra8 32. Qe2 Qd8 33. Re1 Kh6 34. Qd2 Ra5
35. Re6 Qa8 36. Nc7 Qa7 37. Nb5 Qa8 38. Nc7 Qa7 39. Nb5 1/2-1/2

[Event "Acropolis 2006 Women Section"]
[Site "http://www.chessfed.gr/Acropo"]
[Date "2006.08.13"]
[Round "1.5"]
[White "Stiri, Alexandra"]
[Black "Melia, Salome"]
[Result "1/2-1/2"]
[WhiteElo "2186"]
[BlackElo "2381"]
[PlyCount "59"]
[EventDate "2006.08.13"]

1. e4 c6 2. d4 d5 3. Nc3 dxe4 4. Nxe4 Bf5 5. Ng3 Bg6 6. h4 h6 7. Nf3 Nd7 8. h5
Bh7 9. Bd3 Bxd3 10. Qxd3 e6 11. Bf4 Ngf6 12. O-O-O Be7 13. Kb1 O-O 14. Ne4 Qa5
15. Nxf6+ Nxf6 16. Ne5 Nd5 17. Bd2 Nb4 18. Qb3 Qd5 19. Bxb4 Qxb3 20. axb3 Bxb4
21. g4 Bd6 22. f4 Bxe5 23. dxe5 Rfd8 24. c4 c5 25. Kc2 Kf8 26. Rxd8+ Rxd8 27.
Rd1 Rxd1 28. Kxd1 g6 29. Kd2 gxh5 30. gxh5 1/2-1/2

[Event "Acropolis 2006 Women Section"]
[Site "http://www.chessfed.gr/Acropo"]
[Date "2006.08.13"]
[Round "1.6"]
[White "Zawadzka, Jolanta"]
[Black "Stefanidi, Maria-Anna"]
[Result "1-0"]
[WhiteElo "2378"]
[BlackElo "2176"]
[PlyCount "105"]
[EventDate "2006.08.13"]

1. e4 c5 2. Nf3 d6 3. d4 cxd4 4. Nxd4 Nf6 5. f3 e5 6. Nb3 d5 7. Bg5 Be6 8. Bxf6
gxf6 9. exd5 Qxd5 10. Qxd5 Bxd5 11. Nc3 Bb4 12. O-O-O Bxb3 13. axb3 Bxc3 14.
bxc3 Rg8 15. g3 Ke7 16. Bh3 a6 17. c4 b6 18. Rd5 Rd8 19. Rhd1 Rxd5 20. Rxd5 Ra7
21. c3 Rc7 22. Kc2 Nc6 23. Kb2 Nd8 24. Bf5 h6 25. f4 Rc5 26. Rd7+ Ke8 27. Ra7
exf4 28. Bd7+ Kf8 29. gxf4 b5 30. cxb5 axb5 31. Ra5 Rh5 32. h3 Ne6 33. Rxb5
Rxh3 34. f5 Nd8 35. Rd5 Re3 36. b4 h5 37. Bb5 Nb7 38. Bc6 Re7 39. c4 h4 40. c5
h3 41. Bxb7 Rxb7 42. Kc3 Ke7 43. Rd3 Ra7 44. Kb3 Rd7 45. Rxh3 Rd5 46. Rf3 Kd7
47. Kc4 Re5 48. Kb5 Kc7 49. Ra3 Kb7 50. Rh3 Rxf5 51. Rh7 Rf4 52. Rxf7+ Kb8 53.
c6 1-0

[Event "Acropolis 2006 Women Section"]
[Site "http://www.chessfed.gr/Acropo"]
[Date "2006.08.13"]
[Round "1.7"]
[White "Sperdokli, Elli"]
[Black "Pokorna, Regina"]
[Result "0-1"]
[WhiteElo "2129"]
[BlackElo "2342"]
[PlyCount "68"]
[EventDate "2006.08.13"]

1. e4 e5 2. Nf3 Nc6 3. Nc3 Nf6 4. g3 Bc5 5. Bg2 d6 6. d3 a6 7. O-O Be6 8. Be3
Bxe3 9. fxe3 Ne7 10. Nh4 c6 11. Nf5 Bxf5 12. exf5 Qb6 13. Qd2 d5 14. Rae1 Rd8
15. h3 h5 16. Kh2 Nc8 17. b3 Nd6 18. Na4 Qc7 19. Qc3 Nb5 20. Qb2 e4 21. Rf4 h4
22. g4 d4 23. dxe4 dxe3 24. e5 Rd4 25. Rxd4 Qxe5+ 26. Kh1 Nxd4 27. c3 Nxg4 28.
hxg4 h3 29. cxd4 hxg2+ 30. Kxg2 Rh2+ 31. Kf3 Qd5+ 32. Kxe3 Rxb2 33. Nxb2 Qg2
34. Kd3+ Kf8 0-1

[Event "Acropolis 2006 Women Section"]
[Site "http://www.chessfed.gr/Acropo"]
[Date "2006.08.13"]
[Round "1.8"]
[White "Rogule, Laura"]
[Black "Pambalou, Fotini"]
[Result "1-0"]
[WhiteElo "2342"]
[BlackElo "2127"]
[PlyCount "119"]
[EventDate "2006.08.13"]

1. e4 e5 2. Nf3 Nc6 3. Bb5 a6 4. Ba4 d6 5. Bxc6+ bxc6 6. d4 Nf6 7. Nc3 Nd7 8.
Be3 f6 9. Nh4 g6 10. Qf3 Be7 11. O-O-O Nf8 12. g3 Bd7 13. Qg2 Ne6 14. Ne2 Qb8
15. f4 exd4 16. Nxd4 c5 17. Ne2 Nd8 18. Nc3 Qb7 19. Nd5 Rb8 20. c3 Bg4 21. Rd2
c6 22. Nxe7 Qxe7 23. h3 Be6 24. Rhd1 Nf7 25. b3 a5 26. c4 g5 27. fxg5 fxg5 28.
Nf3 a4 29. Rd3 axb3 30. axb3 Qa7 31. Qc2 h6 32. g4 h5 33. Nxg5 Nxg5 34. Bxg5
hxg4 35. Qb2 O-O 36. Rxd6 Qf7 37. Qe5 Rbe8 38. Bh6 Qf6 39. Qxf6 Rxf6 40. Bg5
Rg6 41. h4 Bf7 42. Rd8 Rge6 43. Rxe8+ Bxe8 44. Re1 Rd6 45. Be3 Re6 46. Bxc5 Bg6
47. e5 Kh7 48. Bf2 Re8 49. Bg3 Rf8 50. Re3 Kh6 51. Kd2 Kh5 52. b4 Rf1 53. e6
Be8 54. Kc3 Rd1 55. b5 cxb5 56. cxb5 Rd5 57. b6 Bc6 58. e7 Rb5 59. Re5+ Rxe5
60. Bxe5 1-0

[Event "Acropolis 2006 Women Section"]
[Site "http://www.chessfed.gr/Acropo"]
[Date "2006.08.13"]
[Round "1.10"]
[White "Makka, Evanthia"]
[Black "Burtasova, Anna"]
[Result "1/2-1/2"]
[WhiteElo "2032"]
[BlackElo "2311"]
[PlyCount "151"]
[EventDate "2006.08.13"]

1. d4 c5 2. c3 Nf6 3. Nf3 d5 4. Bf4 Nc6 5. e3 Bg4 6. Nbd2 e6 7. Be2 Be7 8. h3
Bh5 9. O-O O-O 10. Ne5 Bxe2 11. Qxe2 Nd7 12. Bh2 Ndxe5 13. dxe5 Qb6 14. Nb3 a5
15. Qc2 a4 16. Nd2 Rfd8 17. Rfd1 d4 18. exd4 cxd4 19. Nf3 dxc3 20. Qxc3 Nb4 21.
a3 Rac8 22. Rxd8+ Qxd8 23. Qd4 Qxd4 24. Nxd4 Nd3 25. Bg3 Nxb2 26. Rb1 Bxa3 27.
Nb5 Nc4 28. Nd6 Nxd6 29. exd6 Rc1+ 30. Rxc1 Bxc1 31. d7 Bg5 32. Bd6 Bd8 33. Kf1
f6 34. f4 Kf7 35. Ke2 Be7 36. Kd3 Bd8 37. Kc4 g5 38. g3 gxf4 39. gxf4 Kg6 40.
Kb4 Kf5 41. Kxa4 e5 42. fxe5 fxe5 43. Kb5 Ke6 44. Bb8 h5 45. Kc5 h4 46. Kb5 Bf6
47. Kb6 Kxd7 48. Kxb7 e4 49. Bf4 Bd4 50. Ka6 Kc6 51. Ka5 Kc5 52. Ka4 Kc4 53.
Ka3 e3 54. Bg5 e2 55. Bxh4 Kc3 56. Bg3 Be3 57. Ka4 Kc4 58. Be1 Bc1 59. Bh4 Bd2
60. Bg3 Kd3 61. Kb5 Ke4 62. Kc4 Bf4 63. Bh4 Bg5 64. Bg3 Ke3 65. Be1 Bf4 66. Kc3
Bh2 67. Kc4 Bg1 68. Kc3 Bf2 69. Bd2+ Kf3 70. Kd3 Bh4 71. Bb4 Kf2 72. Ke4 Kf1
73. Kf3 Be1 74. Be7 Bc3 75. Bh4 Bf6 76. Bg3 1/2-1/2

[Event "Acropolis 2006 Women Section"]
[Site "http://www.chessfed.gr/Acropo"]
[Date "2006.08.13"]
[Round "1.11"]
[White "Meenakshi, S."]
[Black "Foisor, Mihaela-Veronica"]
[Result "1-0"]
[WhiteElo "2310"]
[BlackElo "2005"]
[PlyCount "79"]
[EventDate "2006.08.13"]

1. b3 d5 2. Bb2 c5 3. Nf3 Nc6 4. e3 e6 5. Be2 Nf6 6. O-O Bd6 7. Na3 a6 8. c4
O-O 9. d4 Qe7 10. cxd5 exd5 11. dxc5 Bxc5 12. Nc2 Rd8 13. h3 Ne4 14. Rc1 Be6
15. Ncd4 Rac8 16. Nxc6 Rxc6 17. Nd4 Rcc8 18. Bf3 Ba7 19. Qd3 Nf6 20. Rfd1 Bb8
21. Nf5 Bxf5 22. Qxf5 Rxc1 23. Rxc1 Qe6 24. Qd3 Be5 25. Ba3 g6 26. Rd1 Kg7 27.
Bc5 b6 28. Ba3 b5 29. Bc5 Bd6 30. Bd4 Be5 31. Rc1 Qd6 32. g3 Qe6 33. Kg2 Qd6
34. Qc3 Bxd4 35. Qxd4 Kg8 36. Rd1 Qe6 37. e4 Rc8 38. e5 Nd7 39. Bg4 Qe7 40.
Qxd5 1-0

[Event "Acropolis 2006 Women Section"]
[Site "http://www.chessfed.gr/Acropo"]
[Date "2006.08.13"]
[Round "1.12"]
[White "Stavropoulou, Katerina"]
[Black "Makropoulou, Marina"]
[Result "0-1"]
[WhiteElo "1996"]
[BlackElo "2297"]
[PlyCount "58"]
[EventDate "2006.08.13"]

1. e4 d5 2. exd5 Qxd5 3. Nc3 Qa5 4. d4 c6 5. Nf3 Nf6 6. Be2 Bf5 7. O-O e6 8.
Re1 Nbd7 9. Bd3 Bg4 10. h3 Bh5 11. Bd2 Qb6 12. Na4 Qc7 13. Nc5 Be7 14. Ne4 Nxe4
15. Bxe4 Nf6 16. Bd3 O-O 17. Qe2 Rad8 18. c3 Rfe8 19. Qe5 Bd6 20. Qe3 Nd5 21.
Qe4 Bg6 22. Qe2 Bxd3 23. Qxd3 c5 24. Qe4 Qb6 25. Qc2 cxd4 26. Nxd4 Bc5 27. Re4
Nf6 28. Rh4 e5 29. Nf3 Bxf2+ 0-1

[Event "Acropolis 2006 Women Section"]
[Site "http://www.chessfed.gr/Acropo"]
[Date "2006.08.13"]
[Round "1.13"]
[White "Fakhiridou, Ekaterini"]
[Black "Ikonomopoulou, Maria"]
[Result "0-1"]
[WhiteElo "2296"]
[BlackElo "1976"]
[PlyCount "57"]
[EventDate "2006.08.13"]

1. e4 e6 2. d3 d5 3. Nd2 Nf6 4. c3 b6 5. g3 Bb7 6. Bg2 dxe4 7. dxe4 Nbd7 8. Qa4
Be7 9. Ne2 O-O 10. O-O Nc5 11. Qc2 a5 12. e5 Nd5 13. Ne4 Ba6 14. Rd1 Qe8 15.
Nf4 Rd8 16. Nxc5 Bxc5 17. Be4 h6 18. Nd3 Qb5 19. Rb1 f5 20. Bg2 Qc4 21. Bf1 Qe4
22. Re1 Bxd3 23. Qxd3 Qxe1 24. Be3 Nxe3 25. Rxe1 Rxd3 26. Bxd3 Ng4 27. Kg2 Bxf2
28. Re2 Bc5 29. Kf3 {illegible} 0-1

[Event "Acropolis 2006 Women Section"]
[Site "http://www.chessfed.gr/Acropo"]
[Date "2006.08.13"]
[Round "1.14"]
[White "Iordanidou, Zoi"]
[Black "Foisor, Sabina-Francesca"]
[Result "0-1"]
[WhiteElo "1968"]
[BlackElo "2292"]
[PlyCount "120"]
[EventDate "2006.08.13"]

1. e4 c5 2. Nc3 e6 3. f4 d5 4. Nf3 d4 5. Ne2 Nc6 6. d3 Bd6 7. g3 Nge7 8. Bg2 f5
9. O-O O-O 10. Nd2 Bc7 11. a4 Rb8 12. b3 b6 13. Kh1 Bb7 14. Ng1 e5 15. fxe5
Nxe5 16. Ndf3 fxe4 17. Nxe5 Bxe5 18. Rxf8+ Qxf8 19. dxe4 Ng6 20. Bd2 Re8 21.
Qg4 Bc8 22. Qh5 Qd6 23. Rd1 Bf6 24. Bf4 Qd8 25. Nf3 Nxf4 26. gxf4 g6 27. Qd5+
Qxd5 28. exd5 Bf5 29. Rd2 Re4 30. Ng1 Rxf4 31. Re2 Kf8 32. d6 Bg4 33. Re1 Bh4
34. Re5 Bd7 35. Nh3 Rf5 36. Re4 Bf6 37. Re2 Be5 38. Nf2 Bxd6 39. Ne4 Bc6 40.
Ng3 Bxg2+ 41. Kxg2 Bxg3 42. hxg3 Kf7 43. Re4 Rf6 44. Rh4 h5 45. Re4 Re6 46.
Rf4+ Ke7 47. Rf2 Re3 48. Kh2 Ke6 49. Kh3 g5 50. Kg2 a6 51. Kh2 b5 52. axb5 axb5
53. Kg2 Ke5 54. Kh2 c4 55. bxc4 bxc4 56. Kg2 g4 57. Rd2 d3 58. cxd3 cxd3 59.
Kf2 Rf3+ 60. Kg2 Kd4 0-1

[Event "Acropolis 2006 Women Section"]
[Site "http://www.chessfed.gr/Acropo"]
[Date "2006.08.13"]
[Round "1.15"]
[White "Karlovich, Anastazia"]
[Black "Paganoglou, Anastasia"]
[Result "1-0"]
[WhiteElo "2285"]
[BlackElo "1935"]
[PlyCount "89"]
[EventDate "2006.08.13"]

1. e4 c5 2. Nf3 e6 3. c3 Nf6 4. e5 Nd5 5. d4 cxd4 6. cxd4 d6 7. a3 Bd7 8. Bd3
Bc6 9. O-O Nd7 10. b4 a6 11. Re1 dxe5 12. dxe5 Be7 13. Nd4 Rc8 14. Qg4 Nxe5 15.
Rxe5 Nf6 16. Qf4 Bd6 17. Bb2 O-O 18. Nd2 Nd7 19. Bxh7+ Kh8 20. Nxc6 Rxc6 21.
Be4 Bxe5 22. Bxe5 Nxe5 23. Qxe5 Qxd2 24. Qh5+ Qh6 25. Qxh6+ gxh6 26. Bxc6 bxc6
27. Kf1 a5 28. Ke2 axb4 29. axb4 Rd8 30. Ke3 Kg7 31. Rc1 Rd6 32. f4 Kg6 33. Rc5
Kg7 34. g4 Kg6 35. h4 f5 36. h5+ Kf6 37. gxf5 exf5 38. Rc2 Kf7 39. Ra2 Ke7 40.
Ra7+ Ke8 41. Ra5 Rf6 42. Kd4 Kf7 43. Kc5 Ke7 44. Ra7+ Kd8 45. Rg7 1-0

[Event "Acropolis 2006 Women Section"]
[Site "http://www.chessfed.gr/Acropo"]
[Date "2006.08.13"]
[Round "1.16"]
[White "Pagali, Marianna"]
[Black "Sorokina, Anastasia"]
[Result "0-1"]
[WhiteElo "1924"]
[BlackElo "2221"]
[PlyCount "116"]
[EventDate "2006.08.13"]

1. d4 d5 2. c4 dxc4 3. e3 e6 4. Bxc4 a6 5. a4 Nf6 6. Nf3 Bb4+ 7. Bd2 Be7 8. Nc3
c5 9. O-O Nc6 10. dxc5 Bxc5 11. e4 Qc7 12. Qe2 Nd4 13. Nxd4 Bxd4 14. Kh1 O-O
15. f4 e5 16. f5 Bd7 17. Rfc1 Bc6 18. Bd3 Qd6 19. Bc2 b5 20. axb5 axb5 21. Rxa8
Rxa8 22. Nxb5 Bxb5 23. Qxb5 Ng4 24. h3 Rb8 25. Qe2 Nf2+ 26. Kh2 Rxb2 27. Be1
Qc5 28. Rb1 Rxb1 29. Bxb1 Qc1 30. Bxf2 Qxb1 31. Qc4 Qb8 32. Kg1 Bxf2+ 33. Kxf2
h5 34. Qe2 h4 35. Qg4 Qb6+ 36. Kf1 Qh6 37. Kf2 Kf8 38. Qe2 Ke7 39. Qc2 Qf4+ 40.
Ke1 Qe3+ 41. Qe2 Qxe2+ 42. Kxe2 Kd6 43. Kd3 Kc5 44. f6 g6 45. Kc3 g5 46. Kd3
Kb4 47. Ke3 Kc4 48. Kf3 Kd4 49. Kg4 Kxe4 50. Kxg5 Kd3 51. Kh6 e4 52. Kg7 e3 53.
Kxf7 e2 54. Kg7 e1=Q 55. f7 Qe7 56. Kg8 Qg5+ 57. Kh8 Qf6+ 58. Kg8 Qg6+ 0-1

[Event "Acropolis 2006 Women Section"]
[Site "http://www.chessfed.gr/Acropo"]
[Date "2006.08.14"]
[Round "2.1"]
[White "Danielian, Elina"]
[Black "Meenakshi, S."]
[Result "1-0"]
[WhiteElo "2423"]
[BlackElo "2310"]
[PlyCount "97"]
[EventDate "2006.08.13"]

1. Nf3 Nf6 2. c4 c6 3. d4 d5 4. Nc3 g6 5. Bf4 Bg7 6. e3 O-O 7. h3 Bf5 8. cxd5
Nxd5 9. Bg3 Nxc3 10. bxc3 c5 11. Be2 cxd4 12. cxd4 Qa5+ 13. Nd2 Nc6 14. O-O
Rfd8 15. Nb3 Qa3 16. Qc1 Qxc1 17. Raxc1 Rac8 18. Bf3 Nb4 19. Bxb7 Nxa2 20. Rc5
Rxc5 21. Nxc5 Nc3 22. Bc7 Rf8 23. g4 Bc8 24. Bc6 a6 25. Ra1 h5 26. gxh5 gxh5
27. Nd7 Bxd7 28. Bxd7 Nd5 29. Bg3 Nc3 30. Kg2 Ne4 31. Bh2 Rd8 32. Bc6 Nc5 33.
Ra5 Nd3 34. Be4 Nb4 35. Ra4 Nd5 36. Rxa6 e6 37. Bf3 h4 38. Ra7 Bf6 39. Bh5 Ne7
40. Be5 Bxe5 41. Rxe7 Bd6 42. Bxf7+ Kg7 43. Rb7 Kf6 44. f4 Rh8 45. Kf3 Be7 46.
d5 exd5 47. Bxd5 Rh7 48. e4 Rg7 49. Rb6+ 1-0

[Event "Acropolis 2006 Women Section"]
[Site "http://www.chessfed.gr/Acropo"]
[Date "2006.08.14"]
[Round "2.4"]
[White "Karlovich, Anastazia"]
[Black "Zawadzka, Jolanta"]
[Result "0-1"]
[WhiteElo "2285"]
[BlackElo "2378"]
[PlyCount "48"]
[EventDate "2006.08.13"]

1. e4 c5 2. Nf3 e6 3. c3 Nf6 4. e5 Nd5 5. d4 cxd4 6. cxd4 d6 7. a3 Bd7 8. Bd3
Bc6 9. O-O Nd7 10. b4 a6 11. Re1 Rc8 12. Nbd2 dxe5 13. dxe5 Nc3 14. Qc2 Ba4 15.
Qb2 Nb6 16. Bf1 Be7 17. Ne4 Nxe4 18. Rxe4 O-O 19. Nd4 Qd5 20. Bd3 f5 21. exf6
Bxf6 22. f4 Rfd8 23. Be3 Nc4 24. Bxc4 Qxe4 0-1

[Event "Acropolis 2006 Women Section"]
[Site "http://www.chessfed.gr/Acropo"]
[Date "2006.08.14"]
[Round "2.5"]
[White "Pokorna, Regina"]
[Black "Grapsa, Georgia"]
[Result "1/2-1/2"]
[WhiteElo "2342"]
[BlackElo "2098"]
[PlyCount "86"]
[EventDate "2006.08.13"]

1. e4 c5 2. Nf3 d6 3. d4 cxd4 4. Nxd4 Nf6 5. Nc3 a6 6. Bc4 e6 7. a3 Qc7 8. Ba2
Nc6 9. O-O Be7 10. Be3 O-O 11. f4 b5 12. Qf3 Nxd4 13. Bxd4 Bb7 14. Qg3 Rad8 15.
Kh1 Ne8 16. f5 e5 17. Be3 Kh8 18. Bd5 Rc8 19. Rad1 Nf6 20. Rf2 Bxd5 21. exd5
Qb7 22. Qf3 Rc4 23. h3 b4 24. Nb1 Rfc8 25. c3 Ne4 26. axb4 Nxf2+ 27. Qxf2 a5
28. bxa5 Qb3 29. Rf1 Ra4 30. f6 gxf6 31. Nd2 Qxd5 32. c4 Qc6 33. Qf5 Rg8 34.
Rf3 d5 35. Bb6 Ra1+ 36. Kh2 e4 37. Rf1 Qd6+ 38. Kg1 Qg3 39. Qf2 Rxf1+ 40. Nxf1
Qxf2+ 41. Kxf2 dxc4 42. Nd2 Rc8 43. Nxe4 Kg7 1/2-1/2

[Event "Acropolis 2006 Women Section"]
[Site "http://www.chessfed.gr/Acropo"]
[Date "2006.08.14"]
[Round "2.7"]
[White "Ikonomopoulou, Maria"]
[Black "Krivec, Jana"]
[Result "1/2-1/2"]
[WhiteElo "1976"]
[BlackElo "2316"]
[PlyCount "34"]
[EventDate "2006.08.13"]

1. e4 e5 2. Nf3 d6 3. d4 Nd7 4. Bc4 c6 5. dxe5 dxe5 6. Ng5 Nh6 7. O-O Qc7 8.
Nc3 Nb6 9. Bb3 Bc5 10. Kh1 O-O 11. Qh5 Bd6 12. h3 Kh8 13. Nf3 Ng8 14. Ng5 Nh6
15. Nf3 Ng8 16. Ng5 Nh6 17. Nf3 Ng8 1/2-1/2

[Event "Acropolis 2006 Women Section"]
[Site "http://www.chessfed.gr/Acropo"]
[Date "2006.08.14"]
[Round "2.8"]
[White "Foisor, Cristina Adela"]
[Black "Stiri, Alexandra"]
[Result "1/2-1/2"]
[WhiteElo "2393"]
[BlackElo "2186"]
[PlyCount "78"]
[EventDate "2006.08.13"]

1. c4 Nf6 2. g3 c5 3. Bg2 Nc6 4. Nc3 b6 5. Nf3 Bb7 6. O-O g6 7. e4 d6 8. d3 Bg7
9. a3 O-O 10. Rb1 Nd7 11. Ne2 e5 12. b4 Nd4 13. Nc3 Kh8 14. Nd5 Bxd5 15. exd5
Nxf3+ 16. Qxf3 f5 17. Qd1 f4 18. Be4 Nf6 19. bxc5 bxc5 20. f3 Bh6 21. g4 Rb8
22. Rxb8 Qxb8 23. Rf2 Rf7 24. h4 Bf8 25. Rh2 Nxe4 26. dxe4 Rb7 27. h5 g5 28.
Ra2 Rb1 29. Kf2 Qb3 30. Qxb3 Rxb3 31. Bd2 Be7 32. Ke2 Kg7 33. a4 Kf7 34. Rc2
Bd8 35. Ra2 Ke8 36. Bc1 Rc3 37. Bd2 Rb3 38. Bc1 Rc3 39. Bd2 Rb3 1/2-1/2

[Event "Acropolis 2006 Women Section"]
[Site "http://www.chessfed.gr/Acropo"]
[Date "2006.08.14"]
[Round "2.9"]
[White "Melia, Salome"]
[Black "Makka, Evanthia"]
[Result "1-0"]
[WhiteElo "2381"]
[BlackElo "2032"]
[PlyCount "60"]
[EventDate "2006.08.13"]

1. e4 e6 2. d4 d5 3. Nc3 Nc6 4. Nf3 Nf6 5. e5 Ne4 6. Bd3 Bb4 7. Bd2 Nxd2 8.
Qxd2 Be7 9. O-O Nb4 10. Be2 c5 11. dxc5 Bxc5 12. Nb5 O-O 13. c3 Nc6 14. Bd3 Be7
15. Rae1 b6 16. Nbd4 Nxd4 17. Nxd4 Bd7 18. Re3 Re8 19. Rh3 h6 20. Rg3 Bg5 21.
f4 Bh4 22. Rh3 f5 23. exf6 Bxf6 24. Bb1 e5 25. fxe5 Rxe5 26. Rg3 Rg5 27. Rxg5
hxg5 28. Qd3 Kf8 29. Qg6 Qe7 30. Qxg5 Ke8 1-0

[Event "Acropolis 2006 Women Section"]
[Site "http://www.chessfed.gr/Acropo"]
[Date "2006.08.14"]
[Round "2.12"]
[White "Foisor, Mihaela-Veronica"]
[Black "Makka, Ioulia"]
[Result "0-1"]
[WhiteElo "2005"]
[BlackElo "2219"]
[PlyCount "114"]
[EventDate "2006.08.13"]

1. d4 Nf6 2. c4 e6 3. Nc3 Bb4 4. a3 Bxc3+ 5. bxc3 c5 6. e3 O-O 7. Bd3 Nc6 8.
Ne2 b6 9. e4 Ne8 10. O-O Ba6 11. f4 f5 12. exf5 exf5 13. dxc5 bxc5 14. Ng3 g6
15. Be3 Qa5 16. Qd2 Nf6 17. Rfe1 Rad8 18. Qc2 Ne7 19. Bf2 Rfe8 20. Nf1 Nc8 21.
Bh4 Rxe1 22. Rxe1 Rf8 23. Bxf6 Rxf6 24. Re8+ Kf7 25. Re1 Qxa3 26. Ne3 Nd6 27.
Rb1 Qa5 28. Rb2 Qd8 29. Ra2 Nc8 30. Nd5 Re6 31. Qf2 Bb7 32. Qxc5 Bc6 33. Re2
Rxe2 34. Bxe2 Qe8 35. Kf2 Qe4 36. Qd4 Qxd4+ 37. cxd4 Bxd5 38. cxd5 Nb6 39. d6
Ke6 40. Bd1 Kxd6 41. Bb3 Nd5 42. Kf3 a5 43. g4 Nc3 44. Kg3 a4 45. Bc4 a3 46.
Kh4 fxg4 47. Kxg4 a2 48. Bxa2 Nxa2 49. Kg5 Nc3 50. f5 gxf5 51. Kxf5 Kd5 52. Kg5
Kxd4 53. Kh6 Ke5 54. h4 Ne4 55. Kxh7 d5 56. Kg6 d4 57. h5 Nf6 0-1

[Event "Acropolis 2006 Women Section"]
[Site "http://www.chessfed.gr/Acropo"]
[Date "2006.08.14"]
[Round "2.13"]
[White "Papadopoulou, Vera"]
[Black "Stavropoulou, Katerina"]
[Result "1-0"]
[WhiteElo "2217"]
[BlackElo "1996"]
[PlyCount "35"]
[EventDate "2006.08.13"]

1. d4 d5 2. c4 e6 3. Nf3 Nf6 4. g3 Nbd7 5. Bg2 Be7 6. O-O O-O 7. b3 c6 8. Nbd2
Bd6 9. Qc2 Re8 10. Bb2 e5 11. dxe5 Nxe5 12. Rad1 dxc4 13. Nxe5 Bxe5 14. Nxc4
Qc7 15. Bxe5 Rxe5 16. Nxe5 Qxe5 17. Rd8+ Ne8 18. g4 1-0

[Event "Acropolis 2006 Women Section"]
[Site "http://www.chessfed.gr/Acropo"]
[Date "2006.08.14"]
[Round "2.15"]
[White "Stefanidi, Maria-Anna"]
[Black "Paganoglou, Anastasia"]
[Result "1-0"]
[WhiteElo "2176"]
[BlackElo "1935"]
[PlyCount "59"]
[EventDate "2006.08.13"]

1. e4 c5 2. Nf3 e6 3. d4 cxd4 4. Nxd4 Nc6 5. Nxc6 bxc6 6. Bd3 d5 7. Qe2 Nf6 8.
Bg5 Be7 9. e5 Nd7 10. Bxe7 Qxe7 11. O-O Rb8 12. b3 Qb4 13. Nd2 Nc5 14. Nf3 h6
15. Rfc1 O-O 16. c3 Qb6 17. Bc2 a5 18. Nd4 Ba6 19. Qe3 Nd7 20. Re1 c5 21. Ne2
c4 22. Nd4 Rfc8 23. Qg3 Nc5 24. h3 cxb3 25. axb3 Kf8 26. Re3 Qc7 27. Rf3 Re8
28. Qg6 Rb7 29. Qh7 Bb5 30. Bg6 1-0

[Event "Acropolis 2006 Women Section"]
[Site "http://www.chessfed.gr/Acropo"]
[Date "2006.08.14"]
[Round "2.17"]
[White "Pambalou, Fotini"]
[Black "Pagali, Marianna"]
[Result "1-0"]
[WhiteElo "2127"]
[BlackElo "1924"]
[PlyCount "83"]
[EventDate "2006.08.13"]

1. e4 c6 2. d4 d5 3. exd5 cxd5 4. Bd3 Nf6 5. h3 Qb6 6. Nc3 e6 7. Nf3 Nc6 8. O-O
Be7 9. Bf4 a6 10. Qd2 O-O 11. Rfe1 Bd7 12. g4 Kh8 13. Be3 Qc7 14. Ne5 b5 15. f4
b4 16. Nd1 a5 17. Nf2 Na7 18. Qe2 Ne8 19. g5 f5 20. gxf6 Nxf6 21. Kh2 Be8 22.
Nfg4 Nh5 23. Qf3 Bg5 24. f5 Bh4 25. Rf1 Ng3 26. Bf4 Nxf1+ 27. Rxf1 Qe7 28. Ne3
Bg5 29. Qg4 Bxf4+ 30. Rxf4 Nc8 31. fxe6 Rxf4 32. Qxf4 Qxe6 33. Qf8+ Qg8 34. Qf3
Ne7 35. h4 Nc6 36. Nxd5 Nxe5 37. dxe5 Bc6 38. Be4 Bxd5 39. Bxd5 Qf8 40. Bxa8
Qe7 41. Kg2 h6 42. Be4 1-0

[Event "Acropolis 2006 Women Section"]
[Site "http://www.chessfed.gr/Acropo"]
[Date "2006.08.15"]
[Round "3.2"]
[White "Zawadzka, Jolanta"]
[Black "Makropoulou, Marina"]
[Result "0-1"]
[WhiteElo "2378"]
[BlackElo "2297"]
[PlyCount "88"]
[EventDate "2006.08.13"]

1. e4 e5 2. Nf3 Nc6 3. Bb5 a6 4. Ba4 Nf6 5. O-O Bc5 6. c3 b5 7. Bb3 d6 8. a4
Bg4 9. h3 Bh5 10. d3 O-O 11. Bg5 Rb8 12. axb5 axb5 13. g4 Bg6 14. Nh4 Kh8 15.
Qf3 h6 16. Bxf6 Qxf6 17. Qxf6 gxf6 18. Kg2 b4 19. Nd2 Kg7 20. Bc2 Nd8 21. Kg3
Ne6 22. Ng2 h5 23. Nc4 hxg4 24. hxg4 c6 25. Nce3 b3 26. Bd1 d5 27. Bf3 Nf4 28.
Rfd1 Rh8 29. Rh1 Nxd3 30. Nh4 Bxe3 31. fxe3 dxe4 32. Bd1 Nxb2 33. Rb1 Nxd1 34.
Rhxd1 c5 35. c4 Rb4 36. Rdc1 Rd8 37. Rb2 Rd3 38. Kf2 Ra4 39. Ke2 Ra2 40. Rxa2
bxa2 41. Ra1 Ra3 42. Ng2 f5 43. gxf5 Bxf5 44. Ne1 Be6 0-1